Chinese Borders - Statistics

General Stats
  • This quiz has been taken 47 times
  • The average score is 12 of 17
Answer Stats
Answer % Correct
North Korea
100%
Russia
95%
Mongolia
93%
Laos
71%
Myanmar
71%
Vietnam
71%
Afghanistan
68%
Bhutan
68%
India
68%
Nepal
68%
Pakistan
68%
India
66%
India
66%
Kazakhstan
66%
Kyrgyzstan
66%
Russia
66%
Tajikistan
66%
No matching quizzes found
Score Distribution
Percent of People with Each Score
Percentile by Number Answered
Your Score History
You have not taken this quiz